UBT Library

The decline of fertility in Europe : (Record no. 42137)

000 -LEADER
fixed length control field 00776pam a2200241 a 4500
001 - CONTROL NUMBER
control field 4752634
005 - DATE AND TIME OF LATEST TRANSACTION
control field 20180208070554.0
008 - FIXED-LENGTH DATA ELEMENTS--GENERAL INFORMATION
fixed length control field 850513s1986 njuaf b 101 0 eng
010 ## - LIBRARY OF CONGRESS CONTROL NUMBER
LC control number 85042682
020 ## - INTERNATIONAL STANDARD BOOK NUMBER
International Standard Book Number 0691094160 (alk. paper) :
Terms of availability $40.00
020 ## - INTERNATIONAL STANDARD BOOK NUMBER
International Standard Book Number 0691101760 (pbk.) :
Terms of availability $10.00
040 ## - CATALOGING SOURCE
Original cataloging agency DLC
Transcribing agency DLC
Modifying agency DLC
041 ## - LANGUAGE CODE
Language code of text/sound track or separate title eng
043 ## - GEOGRAPHIC AREA CODE
Geographic area code e------
080 ## - UNIVERSAL DECIMAL CLASSIFICATION NUMBER
Universal Decimal Classification number 304.632094 coa
082 00 - DEWEY DECIMAL CLASSIFICATION NUMBER
Classification number 304.632094 coa
Edition number 19
100 ## - Rafti
Rafti 22
101 ## - Shkurtesa
Shkurtesa pol
245 14 - TITLE STATEMENT
Title The decline of fertility in Europe :
Statement of responsibility, etc edited by Ansley J. Coale and Susan Cotts Watkins.
504 ## - BIBLIOGRAPHY, ETC. NOTE
Bibliography, etc Bibliography: p. 451-472.
906 ## - LOCAL DATA ELEMENT F, LDF (RLIN)
a 7
b cbc
c orignew
d 1
e ocip
f 19
g y-gencatlg
942 ## - ADDED ENTRY ELEMENTS (KOHA)
Source of classification or shelving scheme
Item type Books
Holdings
Withdrawn status Lost status Source of classification or shelving scheme Damaged status Not for loan Collection code Permanent location Current location Shelving location Date acquired Total Checkouts Full call number Barcode Date last seen Price effective from Koha item type
          Koleksioni i përgjithshem UBT - Lipjan UBT - Lipjan Koleksioni i përgjithshem 02/08/2018   304.632094 coa 002-2998637 02/08/2018 02/08/2018 Books
UBT Library © 2015-2024. All rights reserved University Education for Business and Technology